钓鱼岛及其主要附属岛屿地图 Map of Diaoyu Islands and its main affiliated islands - Statistics

General Stats
  • This quiz has been taken 72 times
  • The average score is 3 of 18
Answers on the Map
Answers color-coded by a green-red scale on the quiz's map according to % correct below.
 
Answer Stats
岛屿 % Correct
钓鱼岛
97%
赤尾屿
84%
黄尾屿
33%
南屿
25%
北屿
22%
北小岛
16%
南小岛
16%
飞屿
11%
飞仔岛
6%
龙头鱼岛
5%
龙王鲷岛
5%
飞云岛
5%
元宝岛
5%
龙门岛
3%
卧龙岛
2%
飞龙岛
2%
长龙岛
2%
小元宝岛
2%
No matching quizzes found
Score Distribution
Percent of People with Each Score
Percentile by Number Answered
Your Score History
You have not taken this quiz